[Event "GER-chT U20"]
[Site "Magdeburg"]
[Date "2023.12.29"]
[Round "6.1"]
[White "Kvantaliani, Saba"]
[Black "Gallasch, Robin"]
[Result "0-1"]
[WhiteElo "1963"]
[BlackElo "2087"]
[PlyCount "58"]
[EventDate "2023.12.26"]
[EventType "team-swiss"]
[EventRounds "7"]
[EventCountry "GER"]
[SourceTitle "CB03_2024"]
[SourceDate "2024.01.17"]
[SourceVersion "1"]
[SourceVersionDate "2024.01.17"]
[SourceQuality "1"]
[WhiteTeam "Muenster 32"]
[BlackTeam "Porz SG"]
[WhiteTeamCountry "GER"]
[BlackTeamCountry "GER"]

1. e4 c6 2. d4 d5 3. f3 e6 4. e5 c5 5. c3 Nc6 6. f4 Nh6 7. Nf3 cxd4 8. cxd4 Nf5 9. g4 Nh4 10. Ng5 h6 11. Nh3 Qb6 12. Be3 Qxb2 13. Nd2 Bb4 14. Rb1 Bxd2+ 15. Bxd2 Nf3+ 16. Qxf3 Qxb1+ 17. Kf2 Qb2 18. Ke1 Qa1+ 19. Kf2 Qxd4+ 20. Be3 Qb2+ 21. Kg3 d4 22. Bf2 Qc3 23. Bd3 Nb4 24. Rd1 Nxd3 25. Rxd3 Qc6 26. Qe2 b6 27. Rxd4 Bb7 28. Kh4 Qf3 29. Qf1 h5 0-1

[Event "GER-chT U20"]
[Site "Magdeburg"]
[Date "2023.12.27"]
[Round "1.2"]
[White "Liu, Jonas"]
[Black "Gallasch, Robin"]
[Result "1-0"]
[WhiteElo "1761"]
[BlackElo "2087"]
[PlyCount "79"]
[EventDate "2023.12.26"]
[EventType "team-swiss"]
[EventRounds "7"]
[EventCountry "GER"]
[SourceTitle "CB03_2024"]
[SourceDate "2024.01.17"]
[SourceVersion "1"]
[SourceVersionDate "2024.01.17"]
[SourceQuality "1"]
[WhiteTeam "Koenigsjaeger Sued West"]
[BlackTeam "Porz SG"]
[WhiteTeamCountry "GER"]
[BlackTeamCountry "GER"]

1. e4 c5 2. Nf3 d6 3. c4 e5 4. Nc3 Nc6 5. h3 h6 6. d3 g6 7. g3 Bg7 8. Bg2 Nge7 9. Be3 0-0 10. 0-0 f5 11. Qd2 g5 12. exf5 Bxf5 13. Kh2 Qe8 14. Ne1 Qh5 15. f3 Be6 16. Qd1 Nf5 17. Bd2 Qg6 18. Rc1 Ncd4 19. Ne4 Rad8 20. Rg1 Kh7 21. f4 exf4 22. gxf4 gxf4 23. Bxf4 Be5 24. Bxe5 dxe5 25. Bf3 Qe8 26. Bh5 Qe7 27. Qd2 Rg8 28. Nf3 Nxf3+ 29. Bxf3 Nd4 30. Bg2 Bf5 31. Rcf1 Rdf8 32. Ng3 Bg6 33. Ne4 b6 34. Nc3 Qh4 35. Nd5 Bf5 36. Qe3 Rg5 37. Ne7 Ne2 38. Nxf5 Rfxf5 39. Rxf5 Nxg1 40. Rxg5 1-0

[Event "GER-chT U20"]
[Site "Muenster"]
[Date "2022.12.29"]
[Round "5"]
[White "Gallasch, Robin"]
[Black "Enxing, Philemon"]
[Result "1-0"]
[WhiteElo "2035"]
[BlackElo "1828"]
[PlyCount "117"]
[EventDate "2022.12.26"]
[EventType "team-swiss"]
[EventRounds "7"]
[EventCountry "GER"]
[SourceTitle "CBM 212 Extra"]
[Source "ChessBase"]
[SourceDate "2023.03.31"]
[SourceVersion "1"]
[SourceVersionDate "2023.03.31"]
[SourceQuality "1"]
[WhiteTeam "Porz SG"]
[BlackTeam "Leipzig SG"]
[WhiteTeamCountry "GER"]
[BlackTeamCountry "GER"]

1. d4 Nf6 2. c4 e6 3. Nf3 d5 4. Nc3 Bb4 5. Bg5 h6 6. Bxf6 Qxf6 7. cxd5 exd5 8. Qa4+ Nc6 9. e3 0-0 10. Bb5 Bxc3+ 11. bxc3 Ne7 12. 0-0 c6 13. Bd3 b5 14. Qc2 Bf5 15. Ne5 Qe6 16. Bxf5 Nxf5 17. Nxc6 Rfc8 18. Nb4 Nd6 19. Qb3 a5 20. Nd3 a4 21. Qb2 Ne4 22. Rac1 a3 23. Qb4 Qd7 24. Rc2 Ra4 25. Qb3 Rac4 26. Qxa3 Rxc3 27. Rxc3 Rxc3 28. Qa8+ Rc8 29. Qa3 Qc6 30. h3 Ra8 31. Qb2 Qc4 32. Ne5 Qa4 33. Rb1 Qxa2 34. Qxa2 Rxa2 35. Rxb5 Ra1+ 36. Kh2 Nxf2 37. Rxd5 Re1 38. Kg3 Ne4+ 39. Kf3 Ng5+ 40. Kf2 Ra1 41. Rd8+ Kh7 42. h4 Ne6 43. Rb8 f6 44. Nd3 Kg6 45. Rb2 Ra3 46. Rd2 Kf5 47. Kf3 g5 48. g4+ Kg6 49. h5+ Kf7 50. d5 Nd8 51. Nc5 Ra5 52. Ne4 Nb7 53. Rb2 Nc5 54. Nxc5 Rxc5 55. Rb7+ Kf8 56. Ke4 Rc1 57. Kf5 Rf1+ 58. Ke6 Rf3 59. Rb3 1-0

[Event "Muenster op-A 39th"]
[Site "Muenster"]
[Date "2022.10.08"]
[Round "9"]
[White "Pfreundt, Jakob"]
[Black "Gallasch, Robin"]
[Result "1-0"]
[WhiteElo "2394"]
[BlackElo "2021"]
[PlyCount "109"]
[EventDate "2022.10.01"]
[EventType "swiss"]
[EventRounds "9"]
[EventCountry "GER"]
[SourceTitle "EXT 2023"]
[Source "ChessBase"]
[SourceDate "2022.10.05"]
[SourceVersion "1"]
[SourceVersionDate "2022.10.05"]
[SourceQuality "1"]

1. e4 b6 2. d4 Bb7 3. Bd3 e6 4. Nf3 d6 5. Nc3 Nd7 6. Be3 g6 7. h4 h6 8. d5 e5 9. h5 g5 10. Nh2 Bg7 11. g4 Ne7 12. Bc4 Qc8 13. Qd3 Kf8 14. f3 Bf6 15. Nf1 Kg7 16. Ng3 a6 17. a4 Qg8 18. 0-0 Qh7 19. Bf2 Rhd8 20. Ra3 Qh8 21. Nd1 Kh7 22. Qe2 Rdc8 23. Ne3 Qd8 24. Rd1 Qh8 25. Ba2 Qd8 26. Kg2 Qh8 27. a5 Qd8 28. b4 Rcb8 29. Ra1 Nc8 30. axb6 cxb6 31. Bc4 a5 32. c3 axb4 33. cxb4 Rxa3 34. Rxa3 Ra8 35. Rxa8 Bxa8 36. Qa2 Bb7 37. Bb5 Nb8 38. Nc4 Qc7 39. Nf5 Bd8 40. Qa4 Bf6 41. Nfxd6 Nxd6 42. Bxb6 Qxc4 43. Bxc4 Nxc4 44. Qe8 Nxb6 45. Qxb8 Nxd5 46. Qxb7 Nf4+ 47. Kf1 Kg7 48. Qd7 Ne6 49. b5 Bd8 50. Qd6 Bc7 51. Qc6 Bb8 52. b6 Nd4 53. Qc8 Bd6 54. Qd7 Bb8 55. Qd8 1-0

[Event "Muenster op-A 39th"]
[Site "Muenster"]
[Date "2022.10.06"]
[Round "7"]
[White "Gallasch, Robin"]
[Black "Panjer, Sidney"]
[Result "1-0"]
[WhiteElo "2021"]
[BlackElo "2197"]
[PlyCount "67"]
[EventDate "2022.10.01"]
[EventType "swiss"]
[EventRounds "9"]
[EventCountry "GER"]
[SourceTitle "EXT 2023"]
[Source "ChessBase"]
[SourceDate "2022.10.05"]
[SourceVersion "1"]
[SourceVersionDate "2022.10.05"]
[SourceQuality "1"]

1. Nf3 Nf6 2. g3 d5 3. Bg2 Nbd7 4. d4 Nb6 5. 0-0 Bf5 6. b3 e6 7. a4 a5 8. Ne5 Be7 9. Ba3 0-0 10. e3 h6 11. Qe2 c6 12. c4 Bxa3 13. Nxa3 Nbd7 14. Nd3 Re8 15. Rfd1 Qe7 16. Nc2 e5 17. dxe5 Nxe5 18. Nxe5 Qxe5 19. cxd5 Nxd5 20. Bxd5 cxd5 21. Nd4 Be4 22. Rac1 Rad8 23. f3 Bg6 24. Kf2 Re7 25. Qd2 Rd6 26. Ne2 Qh5 27. h4 Be4 28. fxe4 Rf6+ 29. Nf4 g5 30. Qxd5 Kg7 31. Rh1 Qg4 32. hxg5 hxg5 33. Qd8 Rxf4+ 34. gxf4 1-0

[Event "GER-chT U20"]
[Site "Kiel"]
[Date "2022.07.24"]
[Round "3.1"]
[White "Klugstedt, Vincent C"]
[Black "Gallasch, Robin"]
[Result "1-0"]
[WhiteElo "1877"]
[BlackElo "2050"]
[PlyCount "73"]
[EventDate "2022.07.22"]
[EventType "team-swiss"]
[EventRounds "7"]
[EventCountry "GER"]
[SourceTitle "CBM 209 Extra"]
[Source "ChessBase"]
[SourceDate "2022.09.30"]
[SourceVersion "1"]
[SourceVersionDate "2022.09.30"]
[SourceQuality "1"]
[WhiteTeam "Bochum"]
[BlackTeam "Porz SG"]
[WhiteTeamCountry "GER"]
[BlackTeamCountry "GER"]

1. d4 d5 2. c4 dxc4 3. e4 Nf6 4. Nc3 e5 5. d5 b5 6. Bg5 Bc5 7. Nf3 0-0 8. Bxf6 Qxf6 9. Qc2 c6 10. Be2 Bg4 11. 0-0 Bxf3 12. Bxf3 Na6 13. a4 Nb4 14. Qd2 a6 15. Be2 Rfc8 16. Na2 Nxa2 17. Rxa2 Bd4 18. Bg4 Rd8 19. Qa5 g6 20. axb5 cxb5 21. Kh1 Qb6 22. Qxb6 Bxb6 23. g3 a5 24. f4 Bd4 25. Kg2 a4 26. Kf3 b4 27. Rb1 a3 28. b3 Bb2 29. bxc4 Rdb8 30. c5 b3 31. Raxb2 axb2 32. c6 f5 33. exf5 Rd8 34. fxg6 hxg6 35. fxe5 Kf7 36. d6 Ke8 37. Rxb2 1-0

[Event "GER-ch Youth-A"]
[Site "Willingen"]
[Date "2022.06.08"]
[Round "6"]
[White "Schwartz, Oliver"]
[Black "Gallasch, Robin"]
[Result "1/2-1/2"]
[WhiteElo "1753"]
[BlackElo "2063"]
[PlyCount "115"]
[EventDate "2022.06.04"]
[EventType "swiss"]
[EventRounds "9"]
[EventCountry "GER"]
[SourceTitle "CBM 208 Extra"]
[Source "ChessBase"]
[SourceDate "2022.07.31"]
[SourceVersion "1"]
[SourceVersionDate "2022.07.31"]
[SourceQuality "1"]

1. d4 d5 2. c4 e6 3. Nc3 a6 4. Qb3 dxc4 5. Qxc4 b5 6. Qd3 Bb7 7. Nf3 Nf6 8. Bg5 b4 9. Na4 Qd5 10. b3 Nbd7 11. Rc1 Bd6 12. e3 Ne4 13. Bh4 0-0 14. Qc2 Qh5 15. Be2 Qg6 16. Bg3 Rac8 17. Bd3 f5 18. 0-0 Nxg3 19. hxg3 Nf6 20. Nc5 Bxc5 21. Qxc5 Qh6 22. Qxb4 Rb8 23. Qe7 Rfe8 24. Qxc7 Ng4 25. Qf4 Qh5 26. Qg5 Qf7 27. Rc5 h6 28. Qh4 g5 29. Qh3 Rbc8 30. Ne5 Nxe5 31. Rxe5 Kg7 32. g4 Rc3 33. Bc4 f4 34. Qh5 Qxh5 35. gxh5 Rc2 36. exf4 gxf4 37. Rxe6 Rxe6 38. Bxe6 Kf6 39. Re1 Rxa2 40. Bc4 Rd2 41. Re6+ Kg5 42. Bxa6 Bxa6 43. Rxa6 Kxh5 44. Ra4 Kg4 45. Rc4 h5 46. b4 h4 47. b5 Rb2 48. Rc5 h3 49. d5 hxg2 50. Kxg2 f3+ 51. Kg1 Kh3 52. Rc1 Rxb5 53. Rd1 Rb7 54. d6 Rd7 55. Rd3 Kg4 56. Kf1 Kf4 57. Ke1 Ke5 58. Kd2 1/2-1/2

[Event "GER-ch Net blitz qual4"]
[Site "Playchess.com INT"]
[Date "2021.05.10"]
[Round "8"]
[White "Gallasch, Robin"]
[Black "Buchenau, Frank"]
[Result "1-0"]
[WhiteElo "1858"]
[BlackElo "2191"]
[PlyCount "51"]
[EventDate "2021.05.10"]
[EventType "swiss (blitz)"]
[EventRounds "11"]
[EventCountry "GER"]
[SourceTitle "CBM 202 Extra"]
[Source "ChessBase"]
[SourceDate "2021.07.31"]
[SourceVersion "1"]
[SourceVersionDate "2021.07.31"]
[SourceQuality "1"]

1. d4 e6 2. c4 Nf6 3. Nf3 b6 4. g3 Bb7 5. Bg2 Be7 6. 0-0 0-0 7. d5 exd5 8. Nh4 c6 9. cxd5 Nxd5 10. Nf5 Bf6 11. e4 Nc7 12. Re1 d5 13. e5 Be7 14. Qg4 g6 15. Nh6+ Kg7 16. Nc3 Ne6 17. f4 Bc5+ 18. Kh1 Nd4 19. f5 Bc8 20. f6+ Kh8 21. Qh4 Nf5 22. Nxf5 Bxf5 23. Bh6 Rg8 24. Bg7+ Rxg7 25. fxg7+ Kxg7 26. Qxd8 1-0

[Event "GER-ch Net blitz qual4"]
[Site "Playchess.com INT"]
[Date "2021.05.10"]
[Round "3"]
[White "Melde, Volker"]
[Black "Gallasch, Robin"]
[Result "0-1"]
[WhiteElo "1798"]
[BlackElo "1858"]
[PlyCount "76"]
[EventDate "2021.05.10"]
[EventType "swiss (blitz)"]
[EventRounds "11"]
[EventCountry "GER"]
[SourceTitle "CBM 202 Extra"]
[Source "ChessBase"]
[SourceDate "2021.07.31"]
[SourceVersion "1"]
[SourceVersionDate "2021.07.31"]
[SourceQuality "1"]

1. e4 c6 2. d4 d5 3. exd5 cxd5 4. Bd3 Nc6 5. c3 Qc7 6. h3 Nf6 7. Nf3 g6 8. 0-0 Bg7 9. Re1 0-0 10. Nbd2 Bf5 11. Bxf5 gxf5 12. Ne5 Nxe5 13. dxe5 Ne4 14. Nxe4 dxe4 15. Qh5 Qxe5 16. Be3 e6 17. Bd4 Qf4 18. Bxg7 Kxg7 19. Re3 Kh8 20. Rd1 Rad8 21. g3 Rxd1+ 22. Qxd1 Qc7 23. Qd4+ e5 24. Qxa7 f4 25. Rxe4 f5 26. Rb4 Rf7 27. Qa8+ Kg7 28. Qe8 fxg3 29. fxg3 f4 30. Qe6 Qc5+ 31. Kg2 Qe3 32. Qg4+ Kh8 33. Qc8+ Kg7 34. Qg4+ Kf6 35. gxf4 Rg7 36. Rb6+ Qxb6 37. fxe5+ Kf7 38. e6+ Qxe6 0-1

[Event "GER-ch Net blitz qual3"]
[Site "Playchess.com INT"]
[Date "2021.05.07"]
[Round "10"]
[White "Gallasch, Robin"]
[Black "Wiedemann, Jan"]
[Result "1-0"]
[WhiteElo "1835"]
[BlackElo "1415"]
[PlyCount "65"]
[EventDate "2021.05.07"]
[EventType "swiss (blitz)"]
[EventRounds "11"]
[EventCountry "GER"]
[SourceTitle "CBM 202 Extra"]
[Source "ChessBase"]
[SourceDate "2021.07.31"]
[SourceVersion "1"]
[SourceVersionDate "2021.07.31"]
[SourceQuality "1"]

1. d4 Nf6 2. c4 e6 3. Nf3 b6 4. g3 Bb7 5. Bg2 Be7 6. 0-0 0-0 7. Nc3 d6 8. Qc2 Nbd7 9. b3 g6 10. Bb2 Re8 11. Rfd1 Bf8 12. a4 Bg7 13. a5 bxa5 14. e4 e5 15. dxe5 Nxe5 16. Nxe5 Rxe5 17. Nd5 Nxd5 18. cxd5 Re8 19. Bxg7 Kxg7 20. Rxa5 c6 21. Qc3+ Qf6 22. Qxf6+ Kxf6 23. dxc6 Bxc6 24. Rxd6+ Re6 25. e5+ Ke7 26. Bxc6 Rb8 27. Rxa7+ Kf8 28. Bd5 Re7 29. Rdd7 Rbe8 30. Rxe7 Rxe7 31. Rxe7 Kxe7 32. f4 Kd7 33. Kf2 1-0

[Event "GER-ch Net blitz qual3"]
[Site "Playchess.com INT"]
[Date "2021.05.07"]
[Round "8"]
[White "Speck, Stefan"]
[Black "Gallasch, Robin"]
[Result "0-1"]
[WhiteElo "1700"]
[BlackElo "1835"]
[PlyCount "40"]
[EventDate "2021.05.07"]
[EventType "swiss (blitz)"]
[EventRounds "11"]
[EventCountry "GER"]
[SourceTitle "CBM 202 Extra"]
[Source "ChessBase"]
[SourceDate "2021.07.31"]
[SourceVersion "1"]
[SourceVersionDate "2021.07.31"]
[SourceQuality "1"]

1. e4 c6 2. d4 d5 3. f3 dxe4 4. fxe4 e5 5. Nf3 Bg4 6. Bc4 Nd7 7. 0-0 Ngf6 8. c3 Bd6 9. Qb3 0-0 10. Ng5 Bh5 11. Qxb7 h6 12. Qxc6 Nb6 13. Bb3 Rc8 14. Qb7 Rc7 15. Qa6 hxg5 16. Bxg5 Be7 17. d5 Nxe4 18. Bxe7 Qxe7 19. Bc2 Qc5+ 20. Kh1 Nf2+ 0-1

[Event "GER-ch Net blitz qual2"]
[Site "Playchess.com INT"]
[Date "2021.05.04"]
[Round "8"]
[White "Gallasch, Robin"]
[Black "Fenske, Klaus Dieter"]
[Result "0-1"]
[WhiteElo "1944"]
[BlackElo "1771"]
[PlyCount "76"]
[EventDate "2021.05.04"]
[EventType "swiss (blitz)"]
[EventRounds "11"]
[EventCountry "GER"]
[SourceTitle "CBM 202 Extra"]
[Source "ChessBase"]
[SourceDate "2021.07.31"]
[SourceVersion "1"]
[SourceVersionDate "2021.07.31"]
[SourceQuality "1"]

1. d4 d5 2. c4 e6 3. Nc3 Nf6 4. Bg5 Be7 5. e3 0-0 6. Nf3 h6 7. Bh4 b6 8. Rc1 Bb7 9. cxd5 Nxd5 10. Bxe7 Nxe7 11. Bd3 Nd7 12. 0-0 c5 13. Qe2 cxd4 14. exd4 Nf6 15. Rfd1 Kh8 16. Bb1 Ned5 17. Ne5 Nxc3 18. Rxc3 Qd5 19. Rg3 Rad8 20. f3 Qa5 21. Qe3 Qa4 22. b3 Qb5 23. Rh3 Ng8 24. Bd3 Qa5 25. Bc4 Qxa2 26. Bxe6 fxe6 27. Ng6+ Kh7 28. Qd3 Rf5 29. g4 Ba6 30. Qe4 Qxb3 31. Rb1 Qd3 32. gxf5 Qxe4 33. fxe4 exf5 34. exf5 Rxd4 35. Ra1 Bc8 36. Rxa7 Bxf5 37. Nf8+ Kh8 38. Rf7 Bxh3 0-1

[Event "GER-ch Net blitz qual2"]
[Site "Playchess.com INT"]
[Date "2021.05.04"]
[Round "10"]
[White "Grund, Erwin1111"]
[Black "Gallasch, Robin"]
[Result "1-0"]
[WhiteElo "1673"]
[BlackElo "1944"]
[PlyCount "33"]
[EventDate "2021.05.04"]
[EventType "swiss (blitz)"]
[EventRounds "11"]
[EventCountry "GER"]
[SourceTitle "CBM 202 Extra"]
[Source "ChessBase"]
[SourceDate "2021.07.31"]
[SourceVersion "1"]
[SourceVersionDate "2021.07.31"]
[SourceQuality "1"]

1. e4 c6 2. d4 d5 3. e5 c5 4. c3 Nc6 5. f4 Nh6 6. Nf3 Bg4 7. Bb5 e6 8. h3 Bxf3 9. Qxf3 Nf5 10. Bxc6+ bxc6 11. g4 Qh4+ 12. Kd1 Ne7 13. Be3 cxd4 14. cxd4 Nc8 15. Nc3 h5 16. g5 Rb8 17. Bf2 1-0

[Event "GER-ch Net blitz qual1"]
[Site "Playchess.com INT"]
[Date "2021.04.24"]
[Round "5"]
[White "Gallasch, Robin"]
[Black "Colbow, Collin"]
[Result "0-1"]
[WhiteElo "1758"]
[BlackElo "2068"]
[PlyCount "54"]
[EventDate "2021.04.24"]
[EventType "swiss (blitz)"]
[EventRounds "11"]
[EventCountry "GER"]
[SourceTitle "CBM 202 Extra"]
[Source "ChessBase"]
[SourceDate "2021.07.31"]
[SourceVersion "1"]
[SourceVersionDate "2021.07.31"]
[SourceQuality "1"]

1. d4 Nf6 2. c4 e6 3. Nf3 Bb4+ 4. Bd2 c5 5. Bxb4 cxb4 6. g3 0-0 7. Bg2 d6 8. 0-0 Nc6 9. a3 bxa3 10. Nxa3 e5 11. Nb5 Bg4 12. dxe5 dxe5 13. h3 Be6 14. c5 Qxd1 15. Rfxd1 Bc4 16. Nd6 Bxe2 17. Re1 Bxf3 18. Bxf3 Rab8 19. Nxb7 Nd4 20. Bg2 Nc2 21. c6 Rfc8 22. Rac1 Nxe1 23. Rxe1 e4 24. Bxe4 Nxe4 25. Rxe4 Rxc6 26. Re7 Kf8 27. Rd7 Ke8 0-1

[Event "GER-ch Net blitz qual1"]
[Site "Playchess.com INT"]
[Date "2021.04.24"]
[Round "7"]
[White "Gallasch, Robin"]
[Black "Fock, Sana"]
[Result "1-0"]
[WhiteElo "1758"]
[BlackElo "1620"]
[PlyCount "153"]
[EventDate "2021.04.24"]
[EventType "swiss (blitz)"]
[EventRounds "11"]
[EventCountry "GER"]
[SourceTitle "CBM 202 Extra"]
[Source "ChessBase"]
[SourceDate "2021.07.31"]
[SourceVersion "1"]
[SourceVersionDate "2021.07.31"]
[SourceQuality "1"]

1. d4 d5 2. c4 e6 3. Nc3 Nf6 4. cxd5 exd5 5. Bg5 Be7 6. e3 0-0 7. Bd3 c6 8. h3 Nbd7 9. Nf3 h6 10. Bf4 b6 11. 0-0 Bb7 12. Qc2 Rc8 13. Rfd1 c5 14. dxc5 Nxc5 15. Bf5 Ncd7 16. Nd4 a6 17. a4 Bb4 18. Qb3 Bxc3 19. bxc3 Nc5 20. Qb4 Ra8 21. Rab1 Nfd7 22. Bxd7 Nxd7 23. a5 b5 24. Nf5 Kh8 25. Qd4 Qf6 26. Nd6 Qxd4 27. Rxd4 Bc6 28. Nf5 Nf6 29. Be5 Kh7 30. Bxf6 gxf6 31. Rbd1 Rae8 32. Rh4 Kg6 33. Rf4 Re5 34. Nd4 Bb7 35. Nf3 Re7 36. Rdd4 Kh7 37. Nh4 Rg8 38. Nf5 Rc7 39. Rh4 Rg6 40. Rd3 d4 41. Rhxd4 Rxg2+ 42. Kf1 Rg6 43. Rd7 Rxd7 44. Rxd7 Bg2+ 45. Ke2 Bxh3 46. e4 Bg4+ 47. f3 Bh3 48. Rxf7+ Kh8 49. Ra7 Rg2+ 50. Ke3 Bxf5 51. exf5 Rc2 52. Rxa6 Rxc3+ 53. Ke4 Rc4+ 54. Kd5 Ra4 55. Kc5 b4 56. Kb5 Ra3 57. Kxb4 Rxf3 58. Rxf6 h5 59. Rh6+ Kg7 60. Rxh5 Kf6 61. a6 Rf1 62. Kb5 Rb1+ 63. Kc6 Rc1+ 64. Kb7 Rb1+ 65. Ka7 Rb2 66. Rh6+ Kxf5 67. Rb6 Re2 68. Kb8 Re8+ 69. Kc7 Re7+ 70. Kc8 Re8+ 71. Kd7 Rh8 72. Rb7 Ra8 73. a7 Ke5 74. Kc7 Kd5 75. Kb6 Rd8 76. Rb8 Rd6+ 77. Kb5 1-0

[Event "GER-ch Net blitz qual1"]
[Site "Playchess.com INT"]
[Date "2021.04.24"]
[Round "10"]
[White "Gallasch, Robin"]
[Black "Frohnhaeuser, Simon"]
[Result "1-0"]
[WhiteElo "1758"]
[BlackElo "1928"]
[PlyCount "85"]
[EventDate "2021.04.24"]
[EventType "swiss (blitz)"]
[EventRounds "11"]
[EventCountry "GER"]
[SourceTitle "CBM 202 Extra"]
[Source "ChessBase"]
[SourceDate "2021.07.31"]
[SourceVersion "1"]
[SourceVersionDate "2021.07.31"]
[SourceQuality "1"]

1. d4 Nf6 2. c4 Nc6 3. d5 Ne5 4. Nc3 Nxc4 5. e4 Nb6 6. Nf3 d6 7. Be2 e6 8. 0-0 Be7 9. a4 a5 10. Be3 0-0 11. Qb3 Bd7 12. Bxb6 cxb6 13. Bb5 Bxb5 14. Nxb5 Nxe4 15. dxe6 Nc5 16. exf7+ Rxf7 17. Qd5 Bf6 18. Nxd6 Qd7 19. Qxf7+ Qxf7 20. Nxf7 Kxf7 21. Rac1 Bxb2 22. Rb1 Nxa4 23. Rfe1 Re8 24. Ng5+ Kf8 25. Nxh7+ Kf7 26. Ng5+ Kf8 27. Ne6+ Kf7 28. Ng5+ Kf8 29. Rxe8+ Kxe8 30. Re1+ Kd7 31. h4 Nc5 32. h5 a4 33. f4 a3 34. Nf3 a2 35. Ne5+ Bxe5 36. fxe5 Nb3 37. g4 a1Q 38. Rxa1 Nxa1 39. g5 Ke7 40. h6 gxh6 41. gxh6 Kf7 42. h7 Kg7 43. e6 1-0

[Event "GER-chT Online Liga Playoffs"]
[Site "Playchess.com INT"]
[Date "2021.04.16"]
[Round "1.4"]
[White "Neuhoff, Laertes"]
[Black "Gallasch, Robin"]
[Result "0-1"]
[WhiteElo "1809"]
[BlackElo "2067"]
[PlyCount "60"]
[EventDate "2021.04.15"]
[EventType "team-k.o. (rapid)"]
[EventRounds "3"]
[EventCountry "GER"]
[SourceTitle "CBM 201 Extra"]
[Source "ChessBase"]
[SourceDate "2021.05.31"]
[SourceVersion "1"]
[SourceVersionDate "2021.05.31"]
[SourceQuality "1"]
[WhiteTeam "Leipzig SG"]
[BlackTeam "Porz SG"]
[WhiteTeamCountry "GER"]
[BlackTeamCountry "GER"]

1. e4 c6 2. d4 d5 3. exd5 cxd5 4. c4 Nf6 5. Nc3 g6 6. Qb3 Bg7 7. cxd5 0-0 8. Be2 Na6 9. Bf3 Qb6 10. Nge2 Qxb3 11. axb3 Nb4 12. 0-0 Bg4 13. Bxg4 Nxg4 14. h3 Nf6 15. Ra5 a6 16. d6 exd6 17. Bf4 Rad8 18. Bg5 h6 19. Bxf6 Bxf6 20. Nd5 Nxd5 21. Rxd5 Rfe8 22. Ng3 h5 23. Rc1 Rd7 24. f3 Re3 25. Rc3 Re1+ 26. Kh2 Kg7 27. Ne4 Rd1 28. Rxd6 Rxd6 29. Nxd6 Bxd4 30. Rc7 Be5+ 0-1

[Event "GER-chT Online Liga 1 GpC"]
[Site "Playchess.com INT"]
[Date "2021.03.25"]
[Round "7.4"]
[White "Gallasch, Robin"]
[Black "Seidenstuecker, Hans Lennart"]
[Result "1/2-1/2"]
[WhiteElo "2067"]
[BlackElo "1723"]
[PlyCount "79"]
[EventDate "2021.01.21"]
[EventType "team-tourn (rapid)"]
[EventRounds "7"]
[EventCountry "GER"]
[SourceTitle "EXT 2022"]
[Source "ChessBase"]
[SourceDate "2021.10.06"]
[SourceVersion "1"]
[SourceVersionDate "2021.10.06"]
[SourceQuality "1"]
[WhiteTeam "Porz SG"]
[BlackTeam "Rinteln"]
[WhiteTeamCountry "GER"]
[BlackTeamCountry "GER"]

1. d4 Nf6 2. c4 c5 3. d5 g6 4. Nc3 Bg7 5. e4 d6 6. Nf3 0-0 7. h3 Na6 8. Bd3 Rb8 9. 0-0 Bd7 10. Bg5 Nc7 11. Qe2 a6 12. a4 e5 13. Ne1 Qe8 14. f4 Nh5 15. fxe5 Bxe5 16. Rf2 b5 17. axb5 axb5 18. Bh6 bxc4 19. Bxc4 Bd4 20. Nd3 Nb5 21. Bxf8 Kxf8 22. Qf3 Bxf2+ 23. Kxf2 Nd4 24. Qe3 Qe7 25. Ra7 Qh4+ 26. Kg1 Be8 27. e5 Nf5 28. Qe4 Qg3 29. b3 Nhg7 30. exd6 Qxd6 31. Qe5 Qxe5 32. Nxe5 Nd6 33. Nd7+ Bxd7 34. Rxd7 Ngf5 35. Rc7 Rc8 36. Rxc8+ Nxc8 37. Ne4 Nfd6 38. Nxc5 Nxc4 39. bxc4 Nb6 40. Kf2 1/2-1/2

[Event "GER-chT Online Liga 1 GpC"]
[Site "Playchess.com INT"]
[Date "2021.02.25"]
[Round "4.4"]
[White "Schmitzer, Klaus"]
[Black "Gallasch, Robin"]
[Result "0-1"]
[WhiteElo "2261"]
[BlackElo "2067"]
[PlyCount "72"]
[EventDate "2021.01.21"]
[EventType "team-tourn (rapid)"]
[EventRounds "7"]
[EventCountry "GER"]
[SourceTitle "EXT 2022"]
[Source "ChessBase"]
[SourceDate "2021.10.06"]
[SourceVersion "1"]
[SourceVersionDate "2021.10.06"]
[SourceQuality "1"]
[WhiteTeam "Muenster"]
[BlackTeam "Porz SG"]
[WhiteTeamCountry "GER"]
[BlackTeamCountry "GER"]

1. e4 c6 2. d4 d5 3. exd5 cxd5 4. c3 Nc6 5. Bf4 Bf5 6. Qb3 Qd7 7. Nf3 e6 8. Ne5 Nxe5 9. Bxe5 Ne7 10. Nd2 Nc6 11. Nf3 f6 12. Bg3 g5 13. Be2 h5 14. h4 g4 15. Nd2 Bh6 16. Nf1 Be4 17. f3 Bf5 18. Qa3 Rd8 19. Bf2 Kf7 20. Ng3 Rdg8 21. fxg4 Bxg4 22. Bd3 e5 23. dxe5 Nxe5 24. Bc2 Nc4 25. Qxa7 Re8+ 26. Kf1 Be3 27. Qa4 Qc7 28. Qb5 Qf4 29. Qxd5+ Be6 30. Qxb7+ Re7 31. Bg6+ Kf8 32. Qa8+ Kg7 33. Nxh5+ Rxh5 34. Qf3 Nd2+ 35. Ke2 Nxf3 36. Bxe3 Bc4+ 0-1

[Event "Heusenstamm Sparkassen op-A 6th"]
[Site "Heusenstamm"]
[Date "2019.11.24"]
[Round "7"]
[White "Gallasch, Robin"]
[Black "Modric, Vladimir"]
[Result "1/2-1/2"]
[WhiteElo "2072"]
[BlackElo "1930"]
[PlyCount "94"]
[EventDate "2019.11.21"]
[EventType "swiss"]
[EventRounds "7"]
[EventCountry "GER"]
[SourceTitle "CBM 194 Extra"]
[Source "ChessBase"]
[SourceDate "2020.03.31"]
[SourceVersion "1"]
[SourceVersionDate "2020.03.31"]
[SourceQuality "1"]

1. d4 d6 2. e4 c6 3. Nc3 Qc7 4. f4 e5 5. fxe5 dxe5 6. d5 Nf6 7. Bg5 Bg4 8. Qd2 Nbd7 9. dxc6 bxc6 10. Nf3 Bc5 11. Bd3 0-0 12. Na4 Be7 13. 0-0 Rab8 14. Kh1 Rfe8 15. Be3 Rb4 16. Nc3 Rxb2 17. Bc4 Bb4 18. Ng5 Bh5 19. a3 Bc5 20. Na4 Bxe3 21. Qxe3 Rbb8 22. Nc3 Qb6 23. Qh3 Bg6 24. Nxf7 Bxf7 25. Bxf7+ Kxf7 26. Qxd7+ Re7 27. Qd3 Qd4 28. Qh3 Kg8 29. Rad1 Qc4 30. Rfe1 Qe6 31. Qxe6+ Rxe6 32. Re2 Ree8 33. Red2 Rb2 34. h3 h6 35. Kg1 Kh7 36. Kf2 Kg6 37. Ke3 Kg5 38. Rf1 Kg6 39. Rff2 Re6 40. Rd3 Rb7 41. Na2 a5 42. Nc3 Nh5 43. Ne2 Rb1 44. g4 Nf6 45. Nc3 Rh1 46. Kd2 Ra1 47. Re2 Rxa3 1/2-1/2